Kúpele Slovensko, krajina živej vody

Gespeichert in:
Bibliographische Detailangaben
1. Verfasser: Kasarda, Martin
Format: Buch
Sprache:Slowakisch
Veröffentlicht: Bratislava DAJAMA 2020
Ausgabe:1. vydanie
Schlagworte:
Tags: Tag hinzufügen
Keine Tags, Fügen Sie das erste Tag hinzu!

MARC

LEADER 00000nam a2200000 4500
001 0278005
005 20221220064650.2
020 |a 978-80-8136-115-9 
041 0 |a slo 
044 |a SK 
245 1 0 |a Kúpele  |b Slovensko, krajina živej vody  |c Martin Kasarda 
250 |a 1. vydanie 
264 1 |a Bratislava  |b DAJAMA  |c 2020 
300 |a 159 s. 
610 2 0 |a kúpele 
610 2 0 |a kúpeľníctvo 
610 2 0 |a rekreácia 
610 2 0 |a rehabilitácia zdravotná 
610 2 0 |a ruch cestovný 
610 2 0 |a turistika 
610 2 0 |a liečenie kúpeľné 
610 2 0 |a história 
610 2 0 |a Slovensko 
100 1 |a Kasarda, Martin